[Event "14.Zlata Praha-B"]
[Site "Praha"]
[Date "2018.07.03"]
[Round "4.3"]
[White "Janacek, Jaroslav"]
[Black "Krivanek, Vladimir"]
[Result "1/2-1/2"]
[WhiteElo "1989"]
[BlackElo "2109"]
[PlyCount "122"]
[EventDate "2018.06.30"]
[EventType "swiss"]
[EventRounds "9"]
[EventCountry "CZE"]

1. e4 e6 2. d4 d5 3. Nc3 Bb4 4. exd5 Qxd5 5. Nf3 Nf6 6. a3 Bxc3+ 7. bxc3 b6 8.
Bd3 Bb7 9. O-O Nbd7 10. Bf4 Rc8 11. c4 Qh5 12. d5 Nc5 13. Nd4 Qh4 14. Qd2 Nxd3
15. cxd3 O-O 16. Nc6 Rfe8 17. Bg3 Qh5 18. Nxa7 Rcd8 19. dxe6 Rxe6 20. f3 c6 21.
Bc7 Qc5+ 22. Qf2 Qxf2+ 23. Kxf2 Rxd3 24. Rfd1 Rde3 25. Rd8+ Ne8 26. Ra2 h5 27.
Bxb6 Re1 28. Ba5 R1e3 29. Rb2 Ba6 30. Nxc6 Bxc4 31. Nd4 R6e5 32. Bc7 Re7 33.
Bd6 R7e6 34. Rdb8 h4 35. f4 R6e4 36. Be5 f6 37. Rxe8+ Kh7 38. f5 g6 39. Rh8+
Kg7 40. Rxh4 Rxe5 41. Rb7+ Re7 42. Rxe7+ Rxe7 43. fxg6 Kxg6 44. Rf4 Bd5 45. Nf3
Ra7 46. a4 Bb3 47. Nh4+ Kg7 48. Nf5+ Kg6 49. g4 Bxa4 50. h4 Bd1 51. Ne3 Ra2+
52. Kg3 Bb3 53. h5+ Kg7 54. Rb4 Ra3 55. Kf4 Ra4 56. Nf5+ Kh7 57. Rxa4 Bxa4 58.
Nd4 Bd7 59. Nf5 Ba4 60. Ke4 Bc6+ 61. Kf4 Ba4 1/2-1/2

[Event "14.Zlata Praha-B"]
[Site "Praha"]
[Date "2018.07.03"]
[Round "4.4"]
[White "Krnak, Vladimir"]
[Black "Drabek, Vojtech"]
[Result "0-1"]
[WhiteElo "1712"]
[BlackElo "2130"]
[PlyCount "114"]
[EventDate "2018.06.30"]
[EventType "swiss"]
[EventRounds "9"]
[EventCountry "CZE"]

1. d4 e6 2. Nf3 Nf6 3. Nbd2 d5 4. e3 Nbd7 5. Bd3 Be7 6. b3 c5 7. Bb2 b6 8. O-O
Bb7 9. Ne5 cxd4 10. exd4 Nxe5 11. dxe5 Nd7 12. Qh5 g6 13. Qg4 Qc7 14. Nf3 O-O-O
15. Rfc1 Nc5 16. b4 Na4 17. Qd4 Nxb2 18. Qxb2 Kb8 19. a4 Rhf8 20. Re1 Rc8 21.
Rab1 Qc3 22. Qxc3 Rxc3 23. a5 Ra3 24. axb6 axb6 25. Nd4 Rc8 26. b5 Kc7 27. Kf1
Bc5 28. Nf3 h6 29. Ra1 Rca8 30. Rxa3 Rxa3 31. Rb1 g5 32. h3 Bc8 33. Ke2 Ra4 34.
Nh2 h5 35. Nf3 Be7 36. Rb3 Bd7 37. g3 f6 38. Bg6 g4 39. Ng1 Ra1 40. hxg4 hxg4
41. exf6 Bxf6 42. Nf3 gxf3+ 43. Kxf3 Ra5 44. Bd3 e5 45. Kg2 Kd6 46. f3 Bg5 47.
Kf2 d4 48. Rb1 Kc5 49. Rh1 Be3+ 50. Kg2 Bxb5 51. Bg6 Bc4 52. Rh5 Kb5 53. g4 Kc6
54. Kg3 Bf4+ 55. Kh4 Ra1 56. g5 Rh1+ 57. Kg4 Be6+ 0-1

[Event "14.Zlata Praha-B"]
[Site "Praha"]
[Date "2018.07.03"]
[Round "4.5"]
[White "Rudiano, Nicolas"]
[Black "Kosar, Milan"]
[Result "1-0"]
[WhiteElo "2053"]
[BlackElo "1659"]
[PlyCount "65"]
[EventDate "2018.06.30"]
[EventType "swiss"]
[EventRounds "9"]
[EventCountry "CZE"]

1. e4 c5 2. Nf3 Nc6 3. Nc3 Nf6 4. Bb5 d6 5. e5 dxe5 6. Nxe5 Bd7 7. Bxc6 Bxc6 8.
Nxc6 bxc6 9. O-O e6 10. d3 Bd6 11. Qf3 Rc8 12. Ne4 Nxe4 13. Qxe4 O-O 14. Be3
Be7 15. Qa4 Qc7 16. Qc4 Rb8 17. Rab1 Rb4 18. Qc3 Rfb8 19. b3 Bd6 20. g3 Qe7 21.
Rbe1 R4b5 22. Qd2 Qf6 23. Qe2 Qf5 24. Bd2 Qh3 25. Qf3 Rc8 26. Re4 Rbb8 27. Rh4
Qf5 28. Qxf5 exf5 29. Ra4 Ra8 30. Re1 Kf8 31. Kf1 Bc7 32. Rc4 Bb6 33. Be3 1-0

[Event "14.Zlata Praha-B"]
[Site "Praha"]
[Date "2018.07.03"]
[Round "4.6"]
[White "Nemecek, Lukas"]
[Black "Salac, Jiri"]
[Result "1-0"]
[WhiteElo "1651"]
[BlackElo "2007"]
[PlyCount "97"]
[EventDate "2018.06.30"]
[EventType "swiss"]
[EventRounds "9"]
[EventCountry "CZE"]

1. e4 c5 2. Nc3 a6 3. g3 Nc6 4. Bg2 g6 5. d3 Bg7 6. Be3 d6 7. Qd2 e6 8. Nge2
Nd4 9. O-O Ne7 10. f4 O-O 11. Nd1 Rb8 12. c3 Nxe2+ 13. Qxe2 b5 14. d4 cxd4 15.
cxd4 Bb7 16. Nf2 Qa5 17. Nd3 b4 18. Qd2 Qb5 19. a4 Qb6 20. d5 Bd4 21. Rfe1
Bxe3+ 22. Qxe3 Qxe3+ 23. Rxe3 a5 24. dxe6 fxe6 25. Bh3 Bc8 26. Rc1 Rb7 27. b3
Bd7 28. Re2 Rc8 29. Rec2 Rxc2 30. Rxc2 Kf7 31. Kf2 Nc8 32. e5 Ke7 33. Bg2 d5
34. Ke3 Nb6 35. Nb2 Kd8 36. Kd4 Rc7 37. Rc5 Rxc5 38. Kxc5 Kc7 39. Bf1 Bc6 40.
Kd4 Nd7 41. Nd3 Nb6 42. Nc5 Bd7 43. Bh3 Bc8 44. Bxe6 Bxe6 45. Nxe6+ Kc6 46. Nf8
Nxa4 47. bxa4 b3 48. Kc3 d4+ 49. Kxb3 1-0

[Event "14.Zlata Praha-B"]
[Site "Praha"]
[Date "2018.07.03"]
[Round "4.7"]
[White "Postranecka, Zuzana"]
[Black "Kronowetter, Borivoj"]
[Result "0-1"]
[WhiteElo "1501"]
[BlackElo "1895"]
[PlyCount "36"]
[EventDate "2018.06.30"]
[EventType "swiss"]
[EventRounds "9"]
[EventCountry "CZE"]

1. e4 c5 2. Nc3 Nc6 3. f4 d6 4. Bc4 Nf6 5. Nf3 Bg4 6. O-O e6 7. Qe1 Bxf3 8.
gxf3 Nd4 9. Bb3 Qa5 10. e5 Nd7 11. d3 a6 12. Bd2 Qb6 13. Nd5 Qc6 14. Ba5 b6 15.
exd6 Bxd6 16. Qe4 bxa5 17. Nf6+ Nxf6 18. Ba4 Nxe4 0-1

[Event "14.Zlata Praha-B"]
[Site "Praha"]
[Date "2018.07.03"]
[Round "4.8"]
[White "Melnikov, Ivan"]
[Black "Sargsyan, Karen"]
[Result "0-1"]
[WhiteElo "1165"]
[BlackElo "1961"]
[PlyCount "50"]
[EventDate "2018.06.30"]
[EventType "swiss"]
[EventRounds "9"]
[EventCountry "CZE"]

1. e4 d5 2. exd5 c6 3. dxc6 Nxc6 4. Nf3 e5 5. Nc3 Nf6 6. Bb5 Bd6 7. d4 O-O 8.
O-O exd4 9. Nxd4 Nxd4 10. Bg5 Nxb5 11. Nxb5 Bxh2+ 12. Kh1 Qxd1 13. Raxd1 Be5
14. f4 Bb8 15. Rfe1 a6 16. Nd4 Ng4 17. Rd2 f6 18. Bh4 Bxf4 19. Rde2 g5 20. Rf1
Ne3 21. Rff2 Ng4 22. Rf1 Be5 23. Nf5 Bxf5 24. Rxf5 gxh4 25. Rexe5 Nxe5 0-1

[Event "14.Zlata Praha-B"]
[Site "Praha"]
[Date "2018.07.03"]
[Round "4.9"]
[White "Veselsky, Jan"]
[Black "Koper, Stefan"]
[Result "0-1"]
[WhiteElo "1720"]
[BlackElo "1841"]
[PlyCount "82"]
[EventDate "2018.06.30"]
[EventType "swiss"]
[EventRounds "9"]
[EventCountry "CZE"]

1. d4 b6 2. e4 Bb7 3. Bd3 e6 4. Nf3 d5 5. Qe2 Nf6 6. Bg5 Be7 7. exd5 Nxd5 8.
Bxe7 Nxe7 9. O-O Ng6 10. Bb5+ c6 11. Ba4 O-O 12. c4 Nd7 13. Nc3 Nf6 14. Rad1 a6
15. Bb3 b5 16. Ne5 Qc7 17. Nxg6 hxg6 18. d5 bxc4 19. d6 Qa5 20. Qxc4 Nd5 21.
Ne4 Rad8 22. Nc5 Qb6 23. Na4 Qa7 24. Nc3 Rxd6 25. Qh4 Rd7 26. Ne4 f6 27. Qh3
Re7 28. Rfe1 Qb8 29. Nc5 Bc8 30. Qg4 Qd6 31. Ne4 Qf4 32. Qxg6 e5 33. Nd6 Be6
34. Re4 Qh6 35. Qg3 g5 36. Ra4 Nf4 37. Bxe6+ Rxe6 38. Qb3 f5 39. Nc4 Kh8 40.
Ne3 Ne2+ 41. Kh1 Qxh2+ 0-1

[Event "14.Zlata Praha-B"]
[Site "Praha"]
[Date "2018.07.03"]
[Round "4.10"]
[White "Cabart, Pavel"]
[Black "Zabehlicky, Jiri"]
[Result "1-0"]
[WhiteElo "1724"]
[BlackElo "1490"]
[PlyCount "71"]
[EventDate "2018.06.30"]
[EventType "swiss"]
[EventRounds "9"]
[EventCountry "CZE"]

1. e4 g6 2. d4 Bg7 3. Nc3 d6 4. Bg5 Nf6 5. Qd2 Nbd7 6. O-O-O c6 7. e5 Nd5 8.
Nxd5 cxd5 9. exd6 Nf6 10. dxe7 Qb6 11. Bxf6 Bxf6 12. Nf3 Be6 13. Ne5 Bxe7 14.
g3 Rc8 15. Bg2 f6 16. Nf3 Bb4 17. Qe3 Kf7 18. Qb3 Rxc2+ 19. Kxc2 Bf5+ 20. Rd3
Bxd3+ 21. Qxd3 Qc6+ 22. Kb1 Rc8 23. Nd2 Qe6 24. Nb3 Rc4 25. Rc1 Rxc1+ 26. Nxc1
Qe1 27. Bxd5+ Kg7 28. Qe3 Qf1 29. a3 Be1 30. f4 Bf2 31. Qc3 Qg1 32. Ka2 Bxd4
33. Qc7+ Kh6 34. Ne2 Qd1 35. Nxd4 Qxd4 36. Bg8 1-0

[Event "14.Zlata Praha-B"]
[Site "Praha"]
[Date "2018.07.03"]
[Round "4.11"]
[White "Mach, Petr"]
[Black "Nemecek, Pavel st."]
[Result "1-0"]
[WhiteElo "1656"]
[BlackElo "1886"]
[PlyCount "81"]
[EventDate "2018.06.30"]
[EventType "swiss"]
[EventRounds "9"]
[EventCountry "CZE"]

1. e4 e6 2. d4 d5 3. exd5 exd5 4. Nf3 Bd6 5. Bd3 Nc6 6. O-O Nge7 7. Bg5 f6 8.
Bh4 Nf5 9. Re1+ Nce7 10. c4 c6 11. cxd5 cxd5 12. Bxf5 Bxf5 13. Bg3 O-O 14. Qb3
Bxg3 15. hxg3 Qd7 16. Nc3 Rfd8 17. Rac1 Rac8 18. Qb5 a6 19. Qxd7 Rxd7 20. Nh4
Kf7 21. Rxe7+ Rxe7 22. Nxf5 Re6 23. Ne3 Rb6 24. Rc2 Rb4 25. Rd2 Rb6 26. Nexd5
Rd6 27. Ne3 b5 28. Kf1 b4 29. Ne4 Rc1+ 30. Ke2 Re6 31. Nc5 Rd6 32. Rc2 Ra1 33.
Kd3 Rxa2 34. Kc4 a5 35. d5 Rb6 36. b3 Ra1 37. Rd2 Rc1+ 38. Rc2 Rb1 39. Nf5 g6
40. Nd4 Rb8 41. d6 1-0

[Event "14.Zlata Praha-B"]
[Site "Praha"]
[Date "2018.07.03"]
[Round "4.12"]
[White "Pribyl, Josef"]
[Black "Zacek, Petr"]
[Result "1-0"]
[WhiteElo "2263"]
[BlackElo "1528"]
[PlyCount "91"]
[EventDate "2018.06.30"]
[EventType "swiss"]
[EventRounds "9"]
[EventCountry "CZE"]

1. d4 Nf6 2. Bg5 e6 3. e4 d6 4. Nc3 h6 5. Be3 Be7 6. f4 O-O 7. Nf3 c5 8. dxc5
dxc5 9. Bc4 Ng4 10. Bg1 Nc6 11. e5 Na5 12. Bd3 h5 13. Qe2 b6 14. Qe4 f5 15.
exf6 Nxf6 16. Qxa8 Qc7 17. Be3 Bd7 18. Qxf8+ Kxf8 19. Ne5 Be8 20. O-O c4 21.
Bg6 Bc5 22. Bxc5+ Qxc5+ 23. Kh1 Bxg6 24. Nxg6+ Kf7 25. Ne5+ Ke7 26. Rae1 Nc6
27. Nxc6+ Qxc6 28. f5 Qc5 29. Rxe6+ Kf7 30. Ne4 Nxe4 31. Rxe4 Qd5 32. Re2 b5
33. a3 a5 34. f6 gxf6 35. Ref2 Qe5 36. c3 Ke6 37. Rxf6+ Qxf6 38. Rxf6+ Kxf6 39.
Kg1 Ke5 40. Kf2 Kf4 41. g3+ Ke4 42. Ke2 h4 43. gxh4 Kf4 44. h5 Kg5 45. Ke3 Kxh5
46. Kd4 1-0

[Event "14.Zlata Praha-B"]
[Site "Praha"]
[Date "2018.07.03"]
[Round "4.13"]
[White "Gacho, Ondrej"]
[Black "Fiser, Jiri"]
[Result "0-1"]
[WhiteElo "1337"]
[BlackElo "1914"]
[PlyCount "76"]
[EventDate "2018.06.30"]
[EventType "swiss"]
[EventRounds "9"]
[EventCountry "CZE"]

1. c4 e5 2. Nc3 Nc6 3. Nf3 g6 4. g3 Bg7 5. Bg2 f5 6. d3 Nf6 7. O-O d6 8. Bd2
O-O 9. Qc1 Be6 10. Ng5 Bd7 11. f4 exf4 12. Bxf4 h6 13. Nf3 Kh7 14. Be3 Qe7 15.
Kh1 Rae8 16. Bf2 Be6 17. Nb5 Ng4 18. Bxa7 Nxa7 19. Nxa7 c6 20. b4 Bxa1 21. Qxa1
Ra8 22. Qd4 c5 23. bxc5 dxc5 24. Qb2 Rxa7 25. h3 Ne3 26. Rb1 Nxg2 27. Kxg2 Rfa8
28. Ra1 Bd7 29. Ne5 Bc6+ 30. Kf2 Re8 31. Nxc6 Qe3+ 32. Ke1 bxc6 33. Rc1 Rae7
34. Rc2 Qg1+ 35. Kd2 Rxe2+ 36. Kc3 Qd4+ 37. Kb3 Rb8+ 38. Ka3 Rxb2 0-1

[Event "14.Zlata Praha-B"]
[Site "Praha"]
[Date "2018.07.03"]
[Round "4.14"]
[White "Vavrova, Jirina"]
[Black "Pokorny, Jan"]
[Result "0-1"]
[WhiteElo "1124"]
[BlackElo "1879"]
[PlyCount "106"]
[EventDate "2018.06.30"]
[EventType "swiss"]
[EventRounds "9"]
[EventCountry "CZE"]

1. e4 d6 2. Nf3 Nf6 3. e5 dxe5 4. Nxe5 Nbd7 5. Nf3 b6 6. Bb5 Bb7 7. O-O a6 8.
Ba4 b5 9. Bb3 e6 10. c3 c5 11. c4 Qc7 12. g3 Qc6 13. d3 Qxf3 14. Qxf3 Bxf3 15.
Nd2 Be2 16. Re1 Bxd3 17. cxb5 axb5 18. a3 c4 19. Bd1 Bc5 20. Bf3 Ra7 21. b3 O-O
22. Bc6 Ng4 23. Ne4 Bxe4 24. Bxe4 Bxf2+ 25. Kf1 Bxe1 26. Kxe1 Nc5 27. Bc2 Nd3+
28. Bxd3 cxd3 29. Bd2 Nxh2 30. Kf2 Rc8 31. Rh1 Rc2 32. Ke3 Ng4+ 33. Kxd3 Nf2+
34. Kxc2 Nxh1 35. a4 bxa4 36. bxa4 Rxa4 37. Bf4 f6 38. Bd6 Ra6 39. Bf4 e5 40.
Be3 Nxg3 41. Bf2 Ra2+ 42. Kb3 Rxf2 43. Kc3 Re2 44. Kd3 h5 45. Kc4 Ra2 46. Kc3
Ne4+ 47. Kc4 h4 48. Kb3 h3 49. Kb4 h2 50. Kb5 h1=Q 51. Kc4 Qc1+ 52. Kb3 Rb2+
53. Ka3 Qa1# 0-1

[Event "14.Zlata Praha-B"]
[Site "Praha"]
[Date "2018.07.03"]
[Round "4.15"]
[White "Rous, Dominik"]
[Black "Stepanek, Svatopluk"]
[Result "0-1"]
[WhiteElo "1226"]
[BlackElo "1841"]
[PlyCount "60"]
[EventDate "2018.06.30"]
[EventType "swiss"]
[EventRounds "9"]
[EventCountry "CZE"]

1. d4 d5 2. Nf3 h6 3. c3 c6 4. Bf4 Bf5 5. e3 Nd7 6. Bd3 Bxd3 7. Qxd3 Ngf6 8.
Nbd2 e6 9. Ne5 Be7 10. O-O g5 11. Nxd7 Nxd7 12. Bg3 h5 13. f3 h4 14. Bf2 Nf8
15. e4 Ng6 16. Be3 Nf4 17. Bxf4 gxf4 18. Nb3 Qc7 19. e5 O-O-O 20. a4 Rdg8 21.
h3 f5 22. Rf2 Qb6 23. c4 Qa6 24. Nd2 Bb4 25. b3 Rd8 26. Rd1 Rh7 27. Nb1 c5 28.
Kh2 Rhd7 29. Nc3 dxc4 30. bxc4 Rxd4 0-1

[Event "14.Zlata Praha-B"]
[Site "Praha"]
[Date "2018.07.03"]
[Round "4.16"]
[White "Nemecek, Pavel ml."]
[Black "Tichy, Tomas"]
[Result "0-1"]
[WhiteElo "1383"]
[BlackElo "1180"]
[PlyCount "46"]
[EventDate "2018.06.30"]
[EventType "swiss"]
[EventRounds "9"]
[EventCountry "CZE"]

1. e4 c5 2. Nf3 g6 3. d4 cxd4 4. Nxd4 Bg7 5. Nc3 Nc6 6. Be3 Nf6 7. f3 O-O 8.
Qd2 d5 9. O-O-O e5 10. Nxc6 bxc6 11. exd5 cxd5 12. Nxd5 Nxd5 13. Qxd5 Qxd5 14.
Rxd5 Bf5 15. g4 Be6 16. Rd2 a5 17. a3 Rab8 18. Ba6 e4 19. Bd4 Bh6 20. Be5 Bxd2+
21. Kxd2 Rbd8+ 22. Ke3 exf3 23. Kxf3 Bd5+ 0-1

[Event "14.Zlata Praha-B"]
[Site "Praha"]
[Date "2018.07.03"]
[Round "4.17"]
[White "Feierfeil, Jiri"]
[Black "Konvalinka, Vladislav"]
[Result "1/2-1/2"]
[WhiteElo "1807"]
[BlackElo "1725"]
[PlyCount "134"]
[EventDate "2018.06.30"]
[EventType "swiss"]
[EventRounds "9"]
[EventCountry "CZE"]

1. d4 d5 2. Bf4 Nf6 3. e3 Bf5 4. Nf3 Nbd7 5. h3 e6 6. Nbd2 Be7 7. Ne5 Nxe5 8.
Bxe5 O-O 9. Nf3 c5 10. c3 Qb6 11. Qc1 Nd7 12. Bg3 cxd4 13. Nxd4 Be4 14. f3 Bg6
15. Be2 Nc5 16. Qd2 Rac8 17. Rc1 Na4 18. Nb3 Nc5 19. Nxc5 Bxc5 20. Bf2 Qd6 21.
O-O Bb6 22. c4 Bc7 23. g3 dxc4 24. Qxd6 Bxd6 25. Bxc4 Rc7 26. Bb3 Bd3 27. Rxc7
Bxc7 28. Rd1 Bb5 29. e4 a6 30. f4 Rd8 31. Rc1 Bc6 32. Be3 Ba5 33. e5 Bd2 34.
Bxd2 Rxd2 35. Rc2 Rxc2 36. Bxc2 h6 37. h4 Kf8 38. Kf2 Ke7 39. b4 b6 40. Ke3 f5
41. exf6+ Kxf6 42. Kd4 Bd5 43. a3 Bf3 44. Bd3 Bb7 45. h5 a5 46. bxa5 bxa5 47.
Be4 Ba6 48. Bg6 Be2 49. Ke3 Bd1 50. Kd4 Be2 51. Kc5 e5 52. fxe5+ Kxe5 53. Kb6
a4 54. Ka5 Bd1 55. Be8 Kd6 56. Bxa4 Bxh5 57. Kb6 Bf3 58. Be8 h5 59. Bg6 Ke5 60.
a4 Kf6 61. Be8 g5 62. a5 h4 63. gxh4 gxh4 64. Bd7 Bg2 65. a6 h3 66. Bxh3 Bxh3
67. a7 Bg2 1/2-1/2

[Event "14.Zlata Praha-B"]
[Site "Praha"]
[Date "2018.07.04"]
[Round "5.1"]
[White "Gregor, Jiri"]
[Black "Rosenbaumova, Lea"]
[Result "1-0"]
[WhiteElo "2290"]
[BlackElo "1662"]
[PlyCount "95"]
[EventDate "2018.06.30"]
[EventType "swiss"]
[EventRounds "9"]
[EventCountry "CZE"]

1. d4 Nf6 2. c4 e6 3. Nf3 d5 4. Nc3 Bb4 5. Bg5 h6 6. Bxf6 Qxf6 7. Qa4+ Nc6 8.
e3 Bd7 9. Qc2 O-O 10. a3 Bxc3+ 11. Qxc3 Rac8 12. Rc1 Rfe8 13. cxd5 exd5 14. Be2
Qg6 15. O-O Re6 16. Qc2 Qxc2 17. Rxc2 Re7 18. Rfc1 Be6 19. b4 f6 20. h3 Nd8 21.
Nd2 c6 22. Bd3 Nf7 23. b5 Bd7 24. Nb3 Nd6 25. Nc5 Be8 26. Na4 cxb5 27. Rxc8
Nxc8 28. Bxb5 Bxb5 29. Rxc8+ Kf7 30. Nc3 Bc6 31. Kf1 Re8 32. Rxe8 Kxe8 33. Ke2
Ke7 34. Kd3 f5 35. h4 g5 36. hxg5 hxg5 37. g3 b5 38. Nb1 a5 39. Kc3 Kd6 40. Nd2
g4 41. Nb3 a4 42. Nc5 Kc7 43. Kb4 Kb6 44. Ne6 Bd7 45. Ng7 Bc8 46. Ne8 Bd7 47.
Nd6 Be6 48. Nxb5 1-0

[Event "14.Zlata Praha-B"]
[Site "Praha"]
[Date "2018.07.04"]
[Round "5.2"]
[White "Drabek, Vojtech"]
[Black "Nemecek, Lukas"]
[Result "1/2-1/2"]
[WhiteElo "2130"]
[BlackElo "1651"]
[PlyCount "43"]
[EventDate "2018.06.30"]
[EventType "swiss"]
[EventRounds "9"]
[EventCountry "CZE"]

1. e4 c5 2. Nf3 Nc6 3. d4 cxd4 4. Nxd4 g6 5. c4 Bg7 6. Be3 Nf6 7. Nc3 O-O 8.
Be2 d6 9. f3 Bd7 10. Qd2 a5 11. O-O Nxd4 12. Bxd4 Bc6 13. Rfd1 Ne8 14. Be3 Nc7
15. Bb6 Bxc3 16. bxc3 Qc8 17. c5 d5 18. Bxc7 Qxc7 19. exd5 Ba4 20. d6 Qxc5+ 21.
Qd4 exd6 22. Qxc5 1/2-1/2

[Event "14.Zlata Praha-B"]
[Site "Praha"]
[Date "2018.07.04"]
[Round "5.3"]
[White "Janacek, Jaroslav"]
[Black "Rudiano, Nicolas"]
[Result "1/2-1/2"]
[WhiteElo "1989"]
[BlackElo "2053"]
[PlyCount "97"]
[EventDate "2018.06.30"]
[EventType "swiss"]
[EventRounds "9"]
[EventCountry "CZE"]

1. d4 d5 2. Bf4 Nf6 3. e3 c5 4. c3 cxd4 5. exd4 Nc6 6. Nd2 Bf5 7. Qb3 Qb6 8.
Qxb6 axb6 9. Bb5 Nd7 10. Ngf3 e6 11. Nh4 Bc2 12. O-O Be7 13. Nhf3 O-O 14. Rfe1
Rfc8 15. Rac1 Bg6 16. a3 h6 17. h4 Nf6 18. Ne5 Nxe5 19. dxe5 Nh5 20. Be3 Bc5
21. Nf1 Bxe3 22. fxe3 Rc5 23. a4 f5 24. Nd2 Rc7 25. c4 Rac8 26. Rc3 Ng3 27. Kf2
Ne4+ 28. Nxe4 fxe4 29. Rec1 Kf8 30. Ke1 Be8 31. cxd5 Rxc3 32. bxc3 Bxb5 33.
axb5 exd5 34. Kd2 Ke7 35. c4 dxc4 36. Kc3 Rd8 37. Re1 Ke6 38. h5 Kxe5 39. Kxc4
Rd2 40. g4 Rd3 41. Re2 Rd1 42. Rf2 Rc1+ 43. Kb3 Rc7 44. Rf8 Kd6 45. Kb4 Ke6 46.
Re8+ Kd5 47. Rd8+ Ke5 48. Re8+ Kd5 49. Rd8+ 1/2-1/2

[Event "14.Zlata Praha-B"]
[Site "Praha"]
[Date "2018.07.04"]
[Round "5.4"]
[White "Kronowetter, Borivoj"]
[Black "Sakovski, Roman"]
[Result "0-1"]
[WhiteElo "1895"]
[BlackElo "1000"]
[PlyCount "68"]
[EventDate "2018.06.30"]
[EventType "swiss"]
[EventRounds "9"]
[EventCountry "CZE"]

1. e4 d6 2. d4 e5 3. Nf3 Bg4 4. dxe5 Nc6 5. exd6 Bxd6 6. Be2 Qe7 7. Bg5 f6 8.
Be3 h5 9. h3 Bd7 10. Nh4 Qf7 11. Nd2 Nge7 12. Nc4 Be5 13. f4 Be6 14. fxe5 Bxc4
15. O-O Nxe5 16. b3 Be6 17. Nf3 Qg6 18. Nxe5 fxe5 19. Rf3 Qxe4 20. Bd3 Qd5 21.
Qf1 O-O-O 22. Re1 Rdg8 23. Bc4 Qc6 24. Bxe6+ Qxe6 25. Bg5 Ng6 26. Ree3 Rf8 27.
Rxf8+ Rxf8 28. Qe2 Rf5 29. h4 Qb6 30. Qd3 Rf8 31. Kh2 Qd6 32. Qe4 Qe6 33. Rd3
Nf4 34. Rd5 Qxd5 0-1

[Event "14.Zlata Praha-B"]
[Site "Praha"]
[Date "2018.07.04"]
[Round "5.5"]
[White "Krivanek, Vladimir"]
[Black "Koper, Stefan"]
[Result "1-0"]
[WhiteElo "2109"]
[BlackElo "1841"]
[PlyCount "115"]
[EventDate "2018.06.30"]
[EventType "swiss"]
[EventRounds "9"]
[EventCountry "CZE"]

1. e4 d5 2. exd5 Qxd5 3. Nc3 Qa5 4. Nf3 Nf6 5. Bc4 e6 6. O-O Be7 7. d4 O-O 8.
Re1 c6 9. Bd3 h6 10. Bd2 Qc7 11. Ne5 Nbd7 12. Bf4 Bd6 13. Bg3 a6 14. Qf3 c5 15.
Nxd7 Bxd7 16. dxc5 Bxg3 17. hxg3 Qxc5 18. Ne4 Nxe4 19. Qxe4 g6 20. Qxb7 Bc6 21.
Qc7 Rfc8 22. Qf4 Kg7 23. Re5 Qe7 24. Rae1 Qf6 25. Qxf6+ Kxf6 26. Ra5 Bb5 27.
Bxb5 axb5 28. Rxa8 Rxa8 29. a3 Rc8 30. c3 Kf5 31. f3 e5 32. Re4 h5 33. Kf2 g5
34. Rb4 Rc5 35. g4+ hxg4 36. fxg4+ Ke6 37. Ke3 Kd5 38. Kd3 f6 39. Ke3 Kc6 40.
a4 bxa4 41. Rxa4 Rb5 42. b4 Kd5 43. Ra6 Kc4 44. Rc6+ Kb3 45. Rc5 Rb8 46. b5 Kc2
47. c4 Kc3 48. Rc6 Rd8 49. b6 Rd3+ 50. Ke4 Rd1 51. b7 Rb1 52. Rc7 Rb4 53. Kd5
Kd3 54. c5 e4 55. Kc6 e3 56. Rd7+ Kc4 57. Re7 Rb3 58. Rxe3 1-0

[Event "14.Zlata Praha-B"]
[Site "Praha"]
[Date "2018.07.04"]
[Round "5.6"]
[White "Groh, Jiri"]
[Black "Cabart, Pavel"]
[Result "1-0"]
[WhiteElo "2097"]
[BlackElo "1724"]
[PlyCount "51"]
[EventDate "2018.06.30"]
[EventType "swiss"]
[EventRounds "9"]
[EventCountry "CZE"]

1. Nf3 g6 2. c4 Bg7 3. Nc3 Nc6 4. d4 d6 5. d5 Na5 6. Bf4 c5 7. e4 Nf6 8. Be2
O-O 9. Qd2 a6 10. Bh6 Bd7 11. Bxg7 Kxg7 12. O-O b5 13. e5 Ng4 14. exd6 Nxc4 15.
dxe7 Qxe7 16. Bxc4 bxc4 17. Qf4 Rab8 18. Rfe1 Qf6 19. Qxc4 Rxb2 20. Ne4 Qb6 21.
h3 f5 22. Nxc5 Nf6 23. Nd3 Rc8 24. Qh4 Rbc2 25. Re7+ Kg8 26. Qh6 1-0

[Event "14.Zlata Praha-B"]
[Site "Praha"]
[Date "2018.07.04"]
[Round "5.7"]
[White "Sargsyan, Karen"]
[Black "Mach, Petr"]
[Result "1/2-1/2"]
[WhiteElo "1961"]
[BlackElo "1656"]
[PlyCount "90"]
[EventDate "2018.06.30"]
[EventType "swiss"]
[EventRounds "9"]
[EventCountry "CZE"]

1. e4 c5 2. c3 Nf6 3. e5 Nd5 4. d4 cxd4 5. cxd4 d6 6. exd6 Qxd6 7. Nf3 g6 8.
Be2 Bg7 9. O-O O-O 10. Nc3 a6 11. Qb3 e6 12. Bc4 Nf6 13. Ne2 Nc6 14. Bf4 Qe7
15. Qb6 Nd5 16. Bxd5 exd5 17. Nc3 Be6 18. Rfe1 Qb4 19. Qxb4 Nxb4 20. Rad1 Rfe8
21. a3 Nc6 22. h3 Rad8 23. Bg5 f6 24. Bf4 Bf7 25. Rxe8+ Rxe8 26. Be3 b5 27. Na2
Rc8 28. Rc1 Be6 29. Ne1 f5 30. Nf3 f4 31. Bxf4 Nxd4 32. Rxc8+ Bxc8 33. Nxd4
Bxd4 34. Nc3 Be6 35. Kf1 Kf7 36. Ke2 Bf5 37. g4 Bc2 38. Bc1 Ke6 39. f4 Bb3 40.
Kf3 Bg7 41. Nb1 d4 42. Nd2 Bd1+ 43. Kg3 Kd5 44. Kf2 Bh6 45. Kg3 Bc2 1/2-1/2

[Event "14.Zlata Praha-B"]
[Site "Praha"]
[Date "2018.07.04"]
[Round "5.8"]
[White "Vit, Zdenek"]
[Black "Pribyl, Josef"]
[Result "0-1"]
[WhiteElo "1707"]
[BlackElo "2263"]
[PlyCount "60"]
[EventDate "2018.06.30"]
[EventType "swiss"]
[EventRounds "9"]
[EventCountry "CZE"]

1. e4 d6 2. d4 Nf6 3. Nc3 g6 4. f3 c6 5. Be3 Qb6 6. Rb1 Nbd7 7. Qd2 Qc7 8. a4
e5 9. Nh3 Bg7 10. Nf2 h5 11. Bc4 O-O 12. Nd3 Re8 13. dxe5 Nxe5 14. Nxe5 dxe5
15. Qf2 Nd7 16. O-O Nb6 17. Bb3 Be6 18. Bxe6 Rxe6 19. b3 Bf8 20. Bc5 Bxc5 21.
Qxc5 Nd7 22. Qe3 Nf8 23. Rbd1 b6 24. Rd3 Rd8 25. Rfd1 Red6 26. Kf2 Ne6 27. Ne2
Kg7 28. g3 Nc5 29. Nc1 Nxd3+ 30. Nxd3 c5 0-1

[Event "14.Zlata Praha-B"]
[Site "Praha"]
[Date "2018.07.04"]
[Round "5.9"]
[White "Salac, Jiri"]
[Black "Postranecka, Zuzana"]
[Result "1-0"]
[WhiteElo "2007"]
[BlackElo "1501"]
[PlyCount "79"]
[EventDate "2018.06.30"]
[EventType "swiss"]
[EventRounds "9"]
[EventCountry "CZE"]

1. d4 d5 2. Bf4 Nf6 3. e3 e6 4. Nd2 c5 5. c3 Nc6 6. Bg3 c4 7. e4 b5 8. b3 Be7
9. a4 b4 10. e5 bxc3 11. Nxc4 dxc4 12. Bxc4 Bb4 13. Qf3 c2+ 14. Kf1 Qxd4 15.
Rc1 Ne4 16. Qd3 Qxd3+ 17. Bxd3 Nd4 18. Ne2 Nd2+ 19. Kg1 Nxe2+ 20. Bxe2 Bb7 21.
Rxc2 O-O 22. h4 Rac8 23. Rb2 Rc5 24. Bf4 Rd8 25. Kh2 Bc3 26. Rc1 Bxb2 27. Rxc5
Ne4 28. Rc7 Bd5 29. Bf3 Nxf2 30. Rxa7 Bxf3 31. gxf3 Nd3 32. Kg3 Bxe5 33. Bxe5
Nxe5 34. b4 Nc6 35. Rb7 Rb8 36. Rxb8+ Nxb8 37. b5 Kf8 38. a5 Ke7 39. a6 Kd6 40.
a7 1-0

[Event "14.Zlata Praha-B"]
[Site "Praha"]
[Date "2018.07.04"]
[Round "5.10"]
[White "Fiser, Jiri"]
[Black "Melnikov, Ivan"]
[Result "1-0"]
[WhiteElo "1914"]
[BlackElo "1165"]
[PlyCount "65"]
[EventDate "2018.06.30"]
[EventType "swiss"]
[EventRounds "9"]
[EventCountry "CZE"]

1. e4 c5 2. Nf3 g6 3. c3 d5 4. e5 Nc6 5. h3 Bg7 6. d4 cxd4 7. cxd4 Bf5 8. Bd3
Be4 9. Be3 Nb4 10. Qa4+ Qd7 11. Bb5 Nc6 12. Nc3 a6 13. Bxc6 Qxc6 14. Qxc6+ bxc6
15. Nxe4 dxe4 16. Nd2 f5 17. Rc1 Kd7 18. Nb3 Rb8 19. Nc5+ Ke8 20. b3 Rb6 21.
Rc4 Kf7 22. Na4 Rb8 23. Rxc6 Ra8 24. Ke2 Nh6 25. Rhc1 Ra7 26. Bg5 Rd7 27. e6+
Ke8 28. exd7+ Kxd7 29. Rc7+ Kd6 30. R1c6+ Kd5 31. Nb6+ Kxd4 32. Be3+ Ke5 33.
Rxe7# 1-0